000 00460nam a2200193 a 4500
001 4160
003 CO-ViMGA
008 141112s2004 ck r 000 u spa d
040 _aCO-ViMGA
_bspa
_cCO-ViMGA
082 0 4 _a293 G837
100 1 _aGuerber, H.A
_954629
245 1 0 _aLos vikingos
260 _aMadrid :
_bM.E,
_c1995
300 _a388 p
490 _aMitos y leyendas
650 1 4 _aMITOLOGIA NORDICA
_954630
650 1 4 _aVIKINGOS
942 _2ddc
_cBK
999 _c16176
_d16176